00435nam a2200145Ia 4500008004100000020001800041082001200059100001800071245002900089260000900118500001100127942000700138952012900145999001500274260604s9999 xx 000 0 und d a9781544362717 a174 FIS aFISHER935121 0aDECODING THE ETHICS CODE bSAGE aEthics cBK 00104070aIIMVbIIMVcLOCKERd2026-06-04g16378.50l0o174 FISp003497r2026-06-04 10:18:04v16378.50w2026-06-04yBKBFIS c7879d7879